01125nam a2200205 i 4500001000700000003000900007005001700016008004100033245024300074246005100317260005500368300003500423595010600458650004800564650005000612650003000662852008100692999001900773952012700792189521ES-MaACL20230906223507.0190606m18771894gw |||| | ger d00aMontanstatistik des Deutschen Reichs und Luxemburgs b: umfassend die produktion der bergwerke, salinen und hütten und die verarbeitung des roheisens : im Jahre 1875, mit Jahresnachweisen seit 1866 / cHerausgegeben vom Kaiselichen Amt.3 aMonatshefte zur Statistik des Deutschen Reichs aBerlin : bPuttkammer & Mühlbrecht, c1877-1894. a1 v. (pag. variada) ; c32 cm. aSeparatabdruck aus dem Februarheft der Monatshefte zur Statistik des Deutschen Reichs, Jahrgang 1877. 4aIndustria metalúrgica-zAlemania.9167299 4aIndustria metalúrgica-zLuxemburgo.9167300 4aMinas-zAlemania.9167308 aES-MaACLjL-32427 z- Enc. hol. z. - Legado Federico de Botella y de Hornos c189521d189521 001040708LIBXIXaATENEOMbATENEOMcDEPO2d2019-06-06eDONl0oL-32427p1200818r2023-02-23 00:00:00w2023-02-23yMONANT